[Event "Titled Tuesday intern op 13th Feb Late"]
[Site "Chess.com INT"]
[Date "2024.02.13"]
[Round "6"]
[White "Grinev, Valeriy"]
[Black "Nita, Lucian"]
[Result "0-1"]
[WhiteElo "2422"]
[BlackElo "2134"]
[PlyCount "60"]
[EventDate "2024.02.13"]
[EventType "swiss (blitz)"]
[EventRounds "11"]
[EventCountry "USA"]
[SourceTitle "CB08_2024"]
[SourceDate "2024.02.21"]
[SourceVersion "1"]
[SourceVersionDate "2024.02.21"]
[SourceQuality "1"]

1. e4 d6 2. d4 Nf6 3. Nc3 e5 4. Nf3 Nbd7 5. g4 Nxg4 6. Rg1 Ngf6 7. Bc4 h6 8. Be3 c6 9. Qd3 Qc7 10. dxe5 Nxe5 11. Nxe5 dxe5 12. 0-0-0 Bg4 13. f3 Bxf3 14. Rdf1 Rd8 15. Nb5 Qa5 16. Bd2 Qxd2+ 17. Qxd2 Rxd2 18. Kxd2 Bxe4 19. Nc3 Bg6 20. Re1 Bd6 21. Bd3 Bh5 22. Rxg7 Kf8 23. Rgg1 Nd5 24. Ne4 Be7 25. Ng3 Bg5+ 26. Re3 Bxe3+ 27. Ke1 Bxg1 28. Nxh5 Ke7 29. h3 Rg8 30. Kf1 Nf4 0-1

[Event "Titled Tuesday intern op 13th Feb Late"]
[Site "Chess.com INT"]
[Date "2024.02.13"]
[Round "2"]
[White "Kosakowski, Jakub"]
[Black "Grinev, Valeriy"]
[Result "1-0"]
[WhiteElo "2482"]
[BlackElo "2422"]
[PlyCount "61"]
[EventDate "2024.02.13"]
[EventType "swiss (blitz)"]
[EventRounds "11"]
[EventCountry "USA"]
[SourceTitle "CB08_2024"]
[SourceDate "2024.02.21"]
[SourceVersion "1"]
[SourceVersionDate "2024.02.21"]
[SourceQuality "1"]

1. g4 d5 2. h3 e5 3. Bg2 Be6 4. c4 Ne7 5. Nc3 c6 6. Nf3 f6 7. d4 e4 8. Nd2 h5 9. gxh5 Rxh5 10. Nf1 Rh8 11. cxd5 cxd5 12. Qb3 Qd7 13. Bf4 Nbc6 14. 0-0-0 Nf5 15. Ne3 Nfxd4 16. Qa4 b5 17. Nxb5 Nxe2+ 18. Kb1 Nxf4 19. Bxe4 Bc5 20. Nxd5 Nxd5 21. Bxd5 Kf7 22. Qc4 Bxf2 23. Bxe6+ Qxe6 24. Rd7+ Ne7 25. Nd6+ Kg6 26. Qxe6 Rae8 27. Qg4+ Kh7 28. Qh5+ Kg8 29. Qxe8+ Kh7 30. Qh5+ Kg8 31. Rd8# 1-0

[Event "Titled Tuesday intern op 06th Feb Late"]
[Site "Chess.com INT"]
[Date "2024.02.06"]
[Round "1"]
[White "Murthy, Pappu LN"]
[Black "Grinev, Valeriy"]
[Result "0-1"]
[WhiteElo "1821"]
[BlackElo "2422"]
[PlyCount "108"]
[EventDate "2024.02.06"]
[EventType "swiss (blitz)"]
[EventRounds "11"]
[EventCountry "USA"]
[SourceTitle "CB07_2024"]
[SourceDate "2024.02.14"]
[SourceVersion "1"]
[SourceVersionDate "2024.02.14"]
[SourceQuality "1"]

1. e4 e5 2. Nf3 Nc6 3. Nc3 Nf6 4. Nxe5 Nxe5 5. d4 Ng6 6. e5 Bb4 7. exf6 Qxf6 8. Be2 0-0 9. 0-0 Bxc3 10. bxc3 d5 11. Ba3 Re8 12. Re1 Nf4 13. Bf3 Bf5 14. Qd2 Be4 15. Bxe4 dxe4 16. Re3 Qg5 17. g3 Nd5 18. Re2 Qxd2 19. Rxd2 Nxc3 20. Kf1 b5 21. Bb4 Nd5 22. c3 a5 23. Bc5 Nxc3 24. a3 Nd5 25. Rb1 c6 26. Ke2 f5 27. Kf1 Kf7 28. Kg2 g5 29. Rh1 f4 30. h4 f3+ 31. Kh2 g4 32. Re1 e3 33. fxe3 Rxe3 34. Rxe3 Nxe3 35. Kg1 Re8 36. Kf2 Nd5 37. Rc2 h5 38. Rd2 Nc3 39. Rc2 Re2+ 40. Rxe2 Nxe2 41. Bb6 Ke6 42. Bxa5 Nxd4 43. Ke3 Nc2+ 44. Kf2 Nxa3 45. Bb4 Nc2 46. Bd2 b4 47. Bc1 c5 48. Bb2 c4 49. Kg1 c3 50. Bc1 b3 51. Kf2 b2 52. Bf4 b1Q 53. Bc1 Nb4 54. Bf4 Qd3 0-1

[Event "Titled Tuesday intern op 23rd Jan Late"]
[Site "Chess.com INT"]
[Date "2024.01.23"]
[Round "3"]
[White "Drygalov, Andrey"]
[Black "Grinev, Valeriy"]
[Result "1-0"]
[WhiteElo "2475"]
[BlackElo "2422"]
[PlyCount "77"]
[EventDate "2024.01.23"]
[EventType "swiss (blitz)"]
[EventRounds "11"]
[EventCountry "USA"]
[SourceTitle "CB05_2024"]
[SourceDate "2024.01.31"]
[SourceVersion "1"]
[SourceVersionDate "2024.01.31"]
[SourceQuality "1"]

1. e4 c5 2. Nf3 e6 3. d4 cxd4 4. Nxd4 a6 5. c4 Nf6 6. Nc3 Qc7 7. a3 b6 8. Be2 Bb7 9. f3 d6 10. Be3 Be7 11. 0-0 0-0 12. Qd2 Nbd7 13. Rac1 Rac8 14. b4 Rfe8 15. Rfd1 Qb8 16. Nb3 Bd8 17. Bf1 Bc7 18. Bf4 Ne5 19. Bxe5 dxe5 20. c5 Kh8 21. Kh1 Rg8 22. Qf2 b5 23. a4 Bc6 24. axb5 axb5 25. Ra1 g5 26. Na5 Bxa5 27. Rxa5 g4 28. Bxb5 gxf3 29. Qxf3 Rg6 30. Bxc6 Rxc6 31. Rb5 Qa8 32. Ra5 Qb7 33. Nb5 Kg7 34. Nd6 Qc7 35. Rb5 Qe7 36. Rb7 Rc7 37. Rxc7 Qxc7 38. Qxf6+ Rxf6 39. Ne8+ 1-0

[Event "Titled Tuesday intern op 16th Jan Late"]
[Site "Chess.com INT"]
[Date "2024.01.16"]
[Round "6"]
[White "Grinev, Valeriy"]
[Black "Baltaci, Ismail Tarik"]
[Result "0-1"]
[WhiteElo "2422"]
[BlackElo "2084"]
[PlyCount "82"]
[EventDate "2024.01.16"]
[EventType "swiss (blitz)"]
[EventRounds "11"]
[EventCountry "USA"]
[SourceTitle "CB04_2024"]
[SourceDate "2023.10.16"]
[SourceVersion "1"]
[SourceVersionDate "2023.10.16"]
[SourceQuality "1"]

1. e4 e5 2. Nf3 Nc6 3. Bb5 g6 4. d4 exd4 5. Bg5 Be7 6. Bxe7 Qxe7 7. 0-0 Qc5 8. Bxc6 dxc6 9. Nxd4 Bd7 10. Nb3 Qe7 11. Qd4 f6 12. Nc3 Nh6 13. Rad1 b6 14. h3 Nf7 15. Rfe1 0-0-0 16. Qa4 Kb7 17. Nd4 c5 18. Ndb5 a6 19. Qb3 axb5 20. Nxb5 Bc6 21. Nc3 Ne5 22. a4 c4 23. Qa2 Qb4 24. f4 Nd7 25. Nd5 Bxd5 26. exd5 Rhe8 27. c3 Qc5+ 28. Kf1 Rxe1+ 29. Rxe1 Qxd5 30. Qb1 Nc5 31. a5 Qd3+ 32. Qxd3 cxd3 33. axb6 Kxb6 34. Rd1 d2 35. Ke2 Nb3 36. g4 Kb5 37. h4 Kc4 38. h5 Re8+ 39. Kf2 Kd3 40. h6 Kc2 41. Rxd2+ Kxd2 0-1

[Event "Titled Tuesday intern op 26th Sep Late"]
[Site "Chess.com INT"]
[Date "2023.09.26"]
[Round "2"]
[White "Grinev, Valeriy"]
[Black "Remizov, Yaroslav"]
[Result "0-1"]
[WhiteElo "2418"]
[BlackElo "2440"]
[PlyCount "98"]
[EventDate "2023.09.26"]
[EventType "swiss (blitz)"]
[EventRounds "11"]
[EventCountry "USA"]
[SourceTitle "EXT 2024"]
[Source "ChessBase"]
[SourceDate "2023.10.10"]
[SourceVersion "1"]
[SourceVersionDate "2023.10.10"]
[SourceQuality "1"]

1. d4 Nf6 2. c4 d6 3. Nc3 Nbd7 4. Nf3 e5 5. e4 Be7 6. Be2 0-0 7. 0-0 a5 8. Qc2 Re8 9. Rd1 Bf8 10. Bf1 c6 11. Be3 Qc7 12. Rac1 exd4 13. Nxd4 Nc5 14. f3 b6 15. b3 Bd7 16. Bf2 Rad8 17. a3 h6 18. b4 axb4 19. axb4 Ne6 20. b5 c5 21. Nde2 g6 22. Bh4 g5 23. Bf2 Bg7 24. Ng3 Nd4 25. Rxd4 cxd4 26. Bxd4 Nxe4 27. Ngxe4 Bxd4+ 28. Kh1 Be6 29. Rd1 Bg7 30. h4 gxh4 31. Nd5 Bxd5 32. Rxd5 Re5 33. Rd1 Qe7 34. Qf2 d5 35. Qxb6 Re6 36. Qc5 dxe4 37. Qxe7 Rxd1 38. Qxh4 Rxf1+ 39. Kh2 exf3 40. Qd8+ Bf8 41. gxf3 Rxf3 42. Kg2 Rb3 43. Kf2 Re4 44. Qd5 Rf4+ 45. Ke2 Rh4 46. Kd2 Rh2+ 47. Kc1 Rg3 48. Qd1 Bc5 49. Qd8+ Kg7 0-1

[Event "Titled Tuesday intern op 19th Sep Late"]
[Site "Chess.com INT"]
[Date "2023.09.19"]
[Round "5"]
[White "Grinev, Valeriy"]
[Black "Mizzi, Jack"]
[Result "0-1"]
[WhiteElo "2418"]
[BlackElo "2007"]
[PlyCount "70"]
[EventDate "2023.09.19"]
[EventType "swiss (blitz)"]
[EventRounds "11"]
[EventCountry "USA"]
[SourceTitle "EXT 2024"]
[Source "ChessBase"]
[SourceDate "2023.10.10"]
[SourceVersion "1"]
[SourceVersionDate "2023.10.10"]
[SourceQuality "1"]

1. e4 c6 2. d4 d5 3. e5 c5 4. dxc5 e6 5. a3 Bxc5 6. b4 Bb6 7. Nf3 Ne7 8. Bb2 0-0 9. Bd3 f5 10. exf6 gxf6 11. c4 dxc4 12. Bxc4 Qxd1+ 13. Kxd1 Bxf2 14. Nbd2 Nbc6 15. Ne4 Rd8+ 16. Ke2 Bd4 17. Nxf6+ Kf7 18. Nxd4 Nxd4+ 19. Kd3 Nb3+ 20. Ke4 Nxa1 21. Rxa1 b5 22. Bxb5 Bb7+ 23. Ke3 Bxg2 24. Nxh7 Nf5+ 25. Kf2 Rd2+ 26. Be2 Rxb2 27. Ng5+ Kf6 28. Re1 Kxg5 29. Kxg2 Kf4 30. Kh1 Ne3 31. Bb5 Rh8 32. Bc6 Rhxh2+ 33. Kg1 e5 34. b5 e4 35. Re2 Rbxe2 0-1

[Event "Titled Tuesday intern op 12th Sep Late"]
[Site "Chess.com INT"]
[Date "2023.09.12"]
[Round "2"]
[White "Bortnyk, Olexandr"]
[Black "Grinev, Valeriy"]
[Result "1-0"]
[WhiteElo "2608"]
[BlackElo "2418"]
[PlyCount "111"]
[EventDate "2023.09.12"]
[EventType "swiss (blitz)"]
[EventRounds "11"]
[EventCountry "USA"]
[SourceTitle "EXT 2024"]
[Source "ChessBase"]
[SourceDate "2023.10.10"]
[SourceVersion "1"]
[SourceVersionDate "2023.10.10"]
[SourceQuality "1"]

1. d4 Nf6 2. Nc3 d5 3. Bf4 c5 4. e4 Nxe4 5. Nxe4 dxe4 6. dxc5 Qa5+ 7. c3 Qxc5 8. Qa4+ Nc6 9. Qxe4 Bf5 10. Qa4 e5 11. Be3 Qa5 12. Qxa5 Nxa5 13. 0-0-0 Nc6 14. Bb5 Be7 15. f4 exf4 16. Bxf4 Rd8 17. Rxd8+ Bxd8 18. Nf3 0-0 19. Re1 Bb6 20. h3 Be6 21. a4 a6 22. Bxc6 bxc6 23. g4 Rd8 24. Be3 Bxe3+ 25. Rxe3 Bb3 26. Nd2 Be6 27. b4 Kf8 28. a5 Bd5 29. c4 Be6 30. Kc2 g5 31. Kc3 Re8 32. Nf3 h6 33. Ne5 Rc8 34. Kd4 c5+ 35. bxc5 Rd8+ 36. Kc3 Rc8 37. c6 Ke7 38. Kb4 Kd6 39. c5+ Kc7 40. Nxf7 Rb8+ 41. Ka4 Bxf7 42. Re7+ Kxc6 43. Rxf7 Kxc5 44. Rc7+ Kd5 45. Ra7 h5 46. Rxa6 hxg4 47. hxg4 Ke5 48. Rb6 Ra8 49. a6 Kf4 50. Rb4+ Ke5 51. Ka5 Kd6 52. Rc4 Kd5 53. Rc1 Kd6 54. Rc2 Rb8 55. a7 Rb3 56. Ra2 1-0

[Event "Titled Tuesday intern op 12th Sep Late"]
[Site "Chess.com INT"]
[Date "2023.09.12"]
[Round "3"]
[White "Grinev, Valeriy"]
[Black "Pavlidou, Ekaterini"]
[Result "1-0"]
[WhiteElo "2418"]
[BlackElo "2088"]
[PlyCount "59"]
[EventDate "2023.09.12"]
[EventType "swiss (blitz)"]
[EventRounds "11"]
[EventCountry "USA"]
[SourceTitle "EXT 2024"]
[Source "ChessBase"]
[SourceDate "2023.10.10"]
[SourceVersion "1"]
[SourceVersionDate "2023.10.10"]
[SourceQuality "1"]

1. Nf3 d5 2. e3 g6 3. d4 Bg7 4. Be2 c5 5. 0-0 Nc6 6. c3 c4 7. b3 cxb3 8. axb3 Nf6 9. c4 e6 10. Ba3 Ne7 11. Nc3 0-0 12. Ne5 Re8 13. f4 Nc6 14. Kh1 a5 15. Nb5 Bf8 16. Bxf8 Rxf8 17. Qe1 Ne4 18. Bd3 Nb4 19. Bxe4 dxe4 20. Qxb4 axb4 21. Rxa8 f6 22. Ng4 h5 23. Nf2 f5 24. Nh3 Qd7 25. Ng5 b6 26. Rfa1 h4 27. h3 Qg7 28. R1a7 Bb7 29. Rxf8+ Kxf8 30. Nxe6+ 1-0